[Event "Fouesnant op 15th"]
[Site "Fouesnant"]
[Date "2009.10.25"]
[Round "3"]
[White "Leclerc, Arnaud"]
[Black "Achen, Denis"]
[Result "1-0"]
[WhiteElo "1927"]
[BlackElo "1719"]
[PlyCount "97"]
[EventDate "2009.10.26"]
[EventType "swiss"]
[EventRounds "9"]
[EventCountry "FRA"]
[SourceTitle "EXT 2010"]
[Source "ChessBase"]
[SourceDate "2010.11.25"]
[SourceVersion "1"]
[SourceVersionDate "2010.11.25"]
[SourceQuality "1"]

1. e4 g6 2. d4 Bg7 3. Nf3 d6 4. Be2 e6 5. Nc3 Ne7 6. Bf4 a6 7. a4 b6 8. 0-0 Bb7 9. Qd2 h6 10. h4 Nd7 11. Rad1 Nf6 12. Bd3 Nd7 13. Rfe1 e5 14. dxe5 dxe5 15. Bg3 0-0 16. Bc4 Bc6 17. b4 Nf6 18. Qe2 Qc8 19. Nxe5 Be8 20. Bb3 Nh5 21. Bh2 Bf6 22. Rd3 Kh7 23. Rh3 Bxe5 24. Bxe5 Nc6 25. Bh2 Nxb4 26. Nd5 Nc6 27. Nxc7 Ra7 28. Nxe8 Qxe8 29. Rc3 Nd4 30. Qc4 Ne6 31. Bd6 Rg8 32. Qc6 Qd8 33. Rd3 Rd7 34. Red1 Nhg7 35. Bg3 Rxd3 36. Rxd3 Qf6 37. Qxb6 Re8 38. Rd6 g5 39. hxg5 hxg5 40. Bxe6 Nxe6 41. Qxa6 Qa1+ 42. Qf1 Qxa4 43. c4 Qc2 44. f3 Nf4 45. Bxf4 gxf4 46. Qe1 Kg7 47. Qa1+ Kg8 48. Rh6 Kf8 49. Rh8+ 1-0

[Event "Fouesnant op 15th"]
[Site "Fouesnant"]
[Date "2009.10.25"]
[Round "2"]
[White "Tirard, Hugo"]
[Black "Leclerc, Arnaud"]
[Result "1-0"]
[WhiteElo "2440"]
[BlackElo "1927"]
[PlyCount "53"]
[EventDate "2009.10.26"]
[EventType "swiss"]
[EventRounds "9"]
[EventCountry "FRA"]
[SourceTitle "EXT 2010"]
[Source "ChessBase"]
[SourceDate "2010.11.25"]
[SourceVersion "1"]
[SourceVersionDate "2010.11.25"]
[SourceQuality "1"]

1. e4 e5 2. Nf3 f5 3. Nxe5 Qf6 4. d4 d6 5. Nc4 fxe4 6. Nc3 Qg6 7. f3 exf3 8. Qxf3 Nf6 9. Bd3 Qg4 10. Qxg4 Bxg4 11. Bg5 Be7 12. Ne3 Bd7 13. Bxf6 Bxf6 14. Ned5 Bxd4 15. Nxc7+ Kd8 16. Nxa8 Re8+ 17. Ne2 Be3 18. Bxh7 Nc6 19. Rd1 Bc5 20. c3 Bg4 21. Rd2 Ne5 22. h3 Bh5 23. Rf1 Nc4 24. g4 Nxd2 25. Kxd2 Rh8 26. gxh5 Rxh7 27. b4 1-0

[Event "Syre Memorial op 32nd"]
[Site "Issy les Moulineaux"]
[Date "2009.05.22"]
[Round "3"]
[White "Leclerc, Arnaud"]
[Black "Coste, Thierry"]
[Result "0-1"]
[WhiteElo "1933"]
[BlackElo "2163"]
[PlyCount "46"]
[EventDate "2009.05.21"]
[EventType "swiss"]
[EventRounds "6"]
[EventCountry "FRA"]
[SourceTitle "EXT 2010"]
[Source "ChessBase"]
[SourceDate "2010.11.25"]
[SourceVersion "1"]
[SourceVersionDate "2010.11.25"]
[SourceQuality "1"]

1. e4 c5 2. d4 cxd4 3. c3 g6 4. Nf3 Bg7 5. cxd4 d5 6. exd5 Nf6 7. Bc4 0-0 8. Nc3 Nbd7 9. 0-0 Nb6 10. Bb3 Nbxd5 11. Re1 e6 12. Ne5 h6 13. Qf3 Qb6 14. Qh3 h5 15. g4 Qxd4 16. gxh5 Nxh5 17. Re4 Qb6 18. Bd1 Nhf6 19. Rh4 Qc7 20. Qg3 Nxc3 21. bxc3 Nd5 22. Nf3 Qxc3 23. Ng5 Qxg3+ 0-1

[Event "Syre Memorial op 32nd"]
[Site "Issy les Moulineaux"]
[Date "2009.05.21"]
[Round "1"]
[White "Leclerc, Arnaud"]
[Black "Dubessay, Bastien"]
[Result "0-1"]
[WhiteElo "1933"]
[BlackElo "2134"]
[PlyCount "46"]
[EventDate "2009.05.21"]
[EventType "swiss"]
[EventRounds "6"]
[EventCountry "FRA"]
[SourceTitle "EXT 2010"]
[Source "ChessBase"]
[SourceDate "2010.11.25"]
[SourceVersion "1"]
[SourceVersionDate "2010.11.25"]
[SourceQuality "1"]

1. e4 c5 2. d3 d6 3. g3 Nc6 4. Bg2 g6 5. f4 Bg7 6. Nf3 e6 7. 0-0 Nge7 8. c3 0-0 9. Na3 b6 10. Nc2 Ba6 11. Ne3 Qc7 12. f5 exf5 13. exf5 d5 14. Ng5 Qd6 15. f6 Bxf6 16. Ng4 Bg7 17. Bf4 Qd7 18. Bh3 f5 19. Qe2 fxg4 20. Bxg4 Nf5 21. Rfe1 h6 22. Nf3 g5 23. Be5 Rae8 0-1

[Event "Syre Memorial op 27th"]
[Site "Issy les Moulineaux"]
[Date "2004.05.21"]
[Round "3"]
[White "Schott, Reimund"]
[Black "Leclerc, Arnaud"]
[Result "1-0"]
[WhiteElo "2112"]
[BlackElo "1996"]
[PlyCount "39"]
[EventDate "2004.05.20"]
[EventType "swiss"]
[EventRounds "6"]
[EventCountry "FRA"]
[SourceTitle "CBM 100 Extra"]
[Source "ChessBase"]
[SourceDate "2004.07.06"]
[SourceVersion "2"]
[SourceVersionDate "2004.07.06"]
[SourceQuality "1"]

1. e4 e5 2. Nf3 Nc6 3. Bb5 Nf6 4. 0-0 Nxe4 5. d4 a6 6. Ba4 b5 7. Bb3 d5 8. dxe5 Be6 9. Nbd2 Nc5 10. c3 Nxb3 11. Nxb3 Be7 12. Nfd4 Nb8 13. f4 c5 14. f5 cxd4 15. fxe6 fxe6 16. Qg4 dxc3 17. Qxe6 Rf8 18. Bg5 Rxf1+ 19. Rxf1 Ra7 20. Nc5 1-0